[Event "1301"]
[Site "www.echecsemail.com"]
[Date "2026.01.30"]
[Round "1"]
[White "Qsdmlk"]
[Black "4x4"]
[WhiteElo "1530"]
[BlackElo "1480"]
[Result "0-1"]
1.d4 d5
2.Bc1g5 f6
3.Bg5f4 e6
4.Ng1f3 Bf8d6
5.Bf4d2 Bc8d7
6.e3 Nb8c6
7.Bf1d3 Qd8e7
8.O-O O-O-O
9.Rf1e1 g6
10.c4 h6
11.Nb1c3 f5
12.cxd5 exd5
13.Nc3b5 Ng8f6
14.a4 a6
15.Nb5xd6 Qe7xd6
16.b3 Nc6a7
17.Ra1c1 Nf6e4
18.Nf3e5 Na7c6
19.Rc1b1 Nc6xe5
20.dxe5 Qd6xe5
21.Rb1c1 c5
22.Bd2c3 Ne4xc3
23.Qd1d2 c4
24.bxc4 Nc3e4
25.Qd2c2 Bd7c6
26.cxd5 Rd8xd5
27.Re1d1 Rh8d8
28.g4 fxg4
29.Bd3c4 Rd5xd1
30.Rc1xd1 Rd8xd1
31.Qc2xd1 Ne4c3
32.Qd1xg4 Bc6d7
33.Qg4xg6 Qe5g5
34.Qg6xg5 hxg5
35.h3 Bd7xh3
36.Kh2 Bh3d7
37.Kg3 Nc3xa4
38.e4 Na4c5
39.e5 g4
40.Bc4f7 Nc5e6
41.Bf7g6 Ne6g7
42.Bg6d3 Bd7e6
43.Bd3e2 b5
44.Be2xg4 Be6xg4
45.Kxg4 Ng7e6
46.Kf5 Kd7
47.f4 b4
48.Ke4 Kc6
49.f5 Ne6c5
50.Kd4 a5
51.f6 b3
52.Kc3 a4
53.Kb2 Nc5e6
54.f7 Kd5
55.Ka3 Kxe5
56.Kxa4 b2
{ abandon }0-1

[Event "Défi"]
[Site "www.echecsemail.com"]
[Date "2026.01.30"]
[Round "1"]
[White "Jmr"]
[Black "Solnic"]
[WhiteElo "1550"]
[BlackElo "1290"]
[Result "1-0"]
1.e4 e5
2.Ng1f3 f6
3.d4 d6
4.h3 a6
5.Bf1c4 b5
6.Bc4b3 Bf8e7
7.O-O Nb8c6
8.a3 exd4
9.Nf3xd4 Nc6xd4
10.Qd1xd4 c5
11.Qd4d5 Ra8b8
12.Qd5f7 Kd7
13.Qf7xg7 Ng8h6
14.Qg7xh6 Be7f8
15.Qh6e3 Qd8e7
16.Nb1c3 c4
17.Nc3d5 Qe7e5
18.Bb3a2 Bc8b7
19.Rf1d1 Bb7xd5
20.Rd1xd5 Qe5e7
21.b4 h5
22.Bc1b2 Bf8h6
23.Qe3a7 Ke6
24.Qa7xe7 Kxe7
25.Ra1d1 Rb8d8
26.Bb2c1 h4
27.c3 Ke6
28.Ba2b1 Bh6g7
29.Bc1f4 Rd8a8
30.Rd5xd6 Kf7
31.Rd6d7 Ke6
32.Rd1d6 1-0

[Event "Coupe Niveau 2"]
[Site "www.echecsemail.com"]
[Date "2026.01.30"]
[Round "1"]
[White "Domenico"]
[Black "Jlr"]
[WhiteElo "1790"]
[BlackElo "1410"]
[Result "1-0"]
1.e4 e5
2.Bf1c4 Qd8f6
3.Ng1f3 h6
4.O-O Bf8c5
5.c3 d6
6.d4 exd4
7.cxd4 Bc5b6
8.e5 dxe5
9.dxe5 Qf6c6
10.Qd1b3 Bc8e6
11.Bc4xe6 fxe6
12.Bc1f4 Ke7
13.Nb1c3 g5
14.Bf4e3 g4
15.Nf3h4 Bb6xe3
16.fxe3 h5
17.Nh4g6 Kd7
18.Ra1d1 Kc8
19.Rf1f8 { abandon }1-0

[Event "Transval 3"]
[Site "www.echecsemail.com"]
[Date "2026.01.30"]
[Round "1"]
[White "4x4"]
[Black "Abelito"]
[WhiteElo "1450"]
[BlackElo "1560"]
[Result "1-0"]
1.e4 e5
2.f4 exf4
3.Ng1f3 c6
4.d4 Bf8d6
5.Nb1c3 c5
6.d5 Ng8h6
7.Bc1d2 a6
8.b3 b5
9.a3 O-O
10.e5 Rf8e8
11.Bd2xf4 Qd8f6
12.g3 Nh6f5
13.Kf2 Bd6xe5
14.Nf3xe5 Nf5e3
15.Kxe3 Re8xe5
16.Bf4xe5 Qf6xe5
17.Kd2 Bc8b7
18.Kc1 Qe5g5
19.Kb2 Qg5e5
20.Bf1g2 a5
21.Qd1d2 d6
22.Ra1e1 Nb8d7
23.Re1xe5 Nd7xe5
24.Nc3xb5 Ra8d8
25.c4 Ne5g4
26.Bg2h3 Ng4e5
27.g4 Ne5f3
28.Qd2e3 Nf3e5
29.a4 Ne5d7
30.Nb5xd6 Bb7a6
31.Rh1e1 Nd7f6
32.Nd6e8 Kf8
33.Qe3e7 { abandon }1-0

[Event "Défi"]
[Site "www.echecsemail.com"]
[Date "2026.01.30"]
[Round "1"]
[White "Gilberthellemans"]
[Black "Aramis"]
[WhiteElo "1630"]
[BlackElo "1560"]
[Result "1-0"]
1.d4 d5
2.e3 c6
3.Ng1f3 e6
4.Bf1d3 Nb8d7
5.c3 Ng8f6
6.b3 Bf8e7
7.b4 Nf6e4
8.Qd1c2 Be7f6
9.Bd3xe4 dxe4
10.Qc2xe4 O-O
11.Bc1a3 Rf8e8
12.O-O Nd7b6
13.Nb1d2 Nb6d5
14.Qe4c2 a6
15.Nd2e4 h6
16.c4 Nd5c7
17.Ra1d1 b6
18.Ba3b2 Bf6e7
19.a3 b5
20.c5 Nc7d5
21.Nf3e5 Bc8b7
22.Qc2e2 Nd5f6
23.Ne4g3 Qd8c7
24.Ne5g4 Nf6xg4
25.Qe2xg4 Be7f6
26.Ng3h5 Qc7e7
27.e4 g6
28.Nh5f4 Bf6g7
29.e5 Ra8d8
30.Nf4e2 h5
31.Qg4f3 Rd8a8
32.Ne2f4 Ra8d8
33.Rd1d3 Qe7g5
34.Bb2c1 Qg5f5
35.Qf3e2 Bg7h6
36.Nf4xe6 Bh6xc1
37.Ne6xd8 Re8xd8
38.Rf1xc1 Rd8e8
39.Rd3f3 Qf5e6
40.h3 Re8f8
41.Rf3f6 Qe6e7
42.Qe2e3 Kh7
43.Qe3g5 Rf8g8
44.Qg5h4 Bb7c8
45.Rc1c3 Kg7
46.Rc3f3 Rg8h8
47.Rf6xf7 Qe7xf7
48.Rf3xf7 Kxf7
49.Qh4f6 Kg8
50.Qf6xg6 Kf8
51.f4 Rh8g8
52.Qg6h6 Ke8
53.Qh6xh5 Kf8
54.f5 Bc8d7
55.e6 Bd7e8
56.Qh5h6 Rg8g7
57.f6 { abandon }1-0

[Event "Memorial Lara CIII"]
[Site "www.echecsemail.com"]
[Date "2026.01.30"]
[Round "1"]
[White "Karkaskat"]
[Black "Rvsinovitch"]
[WhiteElo "2100"]
[BlackElo "2030"]
[Result "1/2-1/2"]
1.d4 Ng8f6
2.c4 g6
3.Nb1c3 d5
4.e3 Bf8g7
5.Ng1f3 O-O
6.Bf1d3 dxc4
7.Bd3xc4 c5
8.dxc5 Qd8a5
9.O-O Rf8d8
10.Qd1b3 Qa5xc5
11.Qb3b5 Qc5xb5
12.Nc3xb5 Nb8a6
13.Nf3e5 e6
14.Nb5d4 Na6c5
15.b4 Nc5d7
16.Ne5xd7 Bc8xd7
17.Bc1b2 a6
18.Ra1c1 Ra8c8
19.Nd4f3 Bd7c6
20.Nf3d4 Bc6d5
21.Bc4xd5 Nf6xd5
22.a3 Nd5b6
23.h4 Nb6c4
24.Bb2a1 Nc4xa3
25.Nd4f3 Bg7xa1
26.Rc1xa1 Na3c2
27.Ra1d1 Rd8xd1
28.Rf1xd1 Nc2xb4
29.Rd1d7 b5
30.Nf3e5 f6
31.Ne5f7 Rc8f8
32.Nf7h6 Kh8
33.Nh6f7 Kg7
34.Nf7g5 Kg8
35.Ng5xe6 Rf8e8
36.Ne6d4 f5
37.Kf1 h5
38.Ke2 Kf8
39.Kd2 Re8e7
40.Rd7d6 Kf7
41.Kc3 Nb4a2
42.Kb2 Na2b4
43.Kc3 Nb4a2
44.Kb2 Na2b4
{ nul }1/2-1/2

[Event "Tournoi n27407"]
[Site "www.echecsemail.com"]
[Date "2026.01.30"]
[Round "1"]
[White "Legrillon"]
[Black "Tiounet"]
[WhiteElo "1750"]
[BlackElo "1560"]
[Result "0-1"]
1.e4 a6
2.d4 b5
3.c4 bxc4
4.Bf1xc4 e6
5.d5 Ng8f6
6.Nb1c3 Bc8b7
7.Ng1f3 a5
8.a4 exd5
9.exd5 g6
10.Bc1g5 Bf8g7
11.O-O O-O
12.Qd1d2 Rf8e8
13.Ra1e1 Qd8c8
14.h3 d6
15.Bg5xf6 Bg7xf6
16.Nc3e4 Nb8d7
17.Ne4g5 Nd7b6
18.b3 Qc8f5
19.Bc4d3 Qf5xd5
20.h4 Bf6xg5
21.hxg5 Nb6d7
22.Bd3c4 Qd5f5
23.Nf3h4 Qf5g4
24.g3 Qg4h3
25.Bc4d5 Bb7xd5
26.f3 Qh3xg3
27.Nh4g2 Bd5xf3
28.Qd2f2 Qg3xf2
29.Kxf2 Bf3d5
30.Re1b1 Re8e5
31.Ng2e3 Bd5e6
32.Ke2 Re5xg5
33.Kd2 c5
34.Kc2 Ra8b8
35.Rf1f2 Rb8b4
36.Kc3 Nd7b6
37.Rb1b2 Rg5g3
38.Rf2e2 Nb6d5
39.Kd3 Nd5f4
{ abandon }0-1

[Event "Coupe Niveau 4"]
[Site "www.echecsemail.com"]
[Date "2026.01.30"]
[Round "1"]
[White "Elghribi"]
[Black "Pascalou50"]
[WhiteElo "1920"]
[BlackElo "1850"]
[Result "1-0"]
1.e4 e6
2.d4 d5
3.e5 c5
4.c3 Nb8c6
5.Bf1b5 Bc8d7
6.Bb5xc6 Bd7xc6
7.Ng1f3 Qd8b6
8.O-O Ng8e7
9.Nb1d2 Ne7f5
10.Nd2b3 Bc6a4
11.Bc1e3 Nf5xe3
12.fxe3 cxd4
13.exd4 Bf8e7
14.Nf3d2 Be7g5
15.Qd1f3 O-O
16.Nb3c5 Ba4b5
17.Rf1f2 Bg5e7
18.b4 Be7xc5
19.bxc5 Qb6a5
20.Nd2b3 Qa5c7
21.a4 Bb5c6
22.Nb3c1 a5
23.Nc1d3 b6
24.cxb6 Qc7xb6
25.Rf2b2 Qb6c7
26.Nd3c5 Rf8b8
27.Ra1b1 Rb8xb2
28.Rb1xb2 Qc7c8
29.Rb2f2 Qc8f8
30.Rf2b2 Ra8b8
31.Qf3e2 Qf8c8
32.Qe2a6 Rb8a8
33.Qa6xc8 Ra8xc8
34.Rb2b6 g6
35.Rb6a6 Rc8a8
36.Ra6xc6 Ra8b8
37.Rc6a6 Rb8b1
38.Kf2 Rb1c1
39.Ra6xa5 Rc1xc3
40.Ra5a8 Kg7
41.Ra8a7 Kg8
42.Ra7c7 Rc3a3
43.Rc7a7 Ra3c3
44.a5 Rc3c4
45.Ke3 Rc4c2
46.a6 Rc2xg2
47.Ra7c7 Rg2a2
48.a7 Kg7
49.Nc5xe6 Kh6
50.Ne6d8 Ra2a3
51.Kf4 g5
52.Kg4 Kg6
53.Rc7c6 Kg7
54.Kxg5 Ra3xa7
55.Rc6f6 Kg8
56.h4 Ra7a1
57.Rf6xf7 Ra1g1
58.Kf6 Rg1g6
59.Kf5 Rg6h6
60.e6 Rh6xh4
61.e7 Rh4h5
62.Ke6 Rh5h6
63.Kd7 { abandon }1-0

[Event "Tournoi n27361"]
[Site "www.echecsemail.com"]
[Date "2026.01.30"]
[Round "1"]
[White "Aramis"]
[Black "Patau"]
[WhiteElo "1560"]
[BlackElo "1680"]
[Result "1-0"]
1.d4 f5
2.Bc1f4 g6
3.e3 Bf8g7
4.Bf4e5 Ng8f6
5.Nb1c3 O-O
6.Bf1c4 d5
7.Bc4d3 c5
8.dxc5 Nb8c6
9.Be5xf6 Bg7xf6
10.Ng1e2 e5
11.Bd3b5 d4
12.exd4 Nc6xd4
13.Ne2xd4 Qd8xd4
14.Qd1xd4 exd4
15.Nc3d5 Bc8e6
16.Nd5xf6 Rf8xf6
17.O-O a6
18.Bb5d3 Be6d5
19.b3 Rf6e6
20.f3 Ra8e8
21.b4 Kf7
22.a3 Bd5c6
23.Bd3c4 Kf6
24.Bc4xe6 Re8xe6
25.Ra1d1 Bc6b5
26.Rf1e1 Re6xe1
27.Rd1xe1 d3
28.cxd3 Bb5xd3
29.Re1d1 Bd3b5
30.Rd1d6 Ke5
31.Kf2 Bb5c6
32.Rd6d8 f4
33.Rd8h8 h5
34.Rh8h6 Kd4
35.Rh6xg6 Kc3
36.Rg6d6 Bc6b5
37.h3 Kb3
38.Rd6h6 Kxa3
39.Rh6xh5 Kxb4
40.Rh5f5 a5
41.Rf5xf4 Kxc5
42.h4 a4
43.h5 a3
44.Rf4e4 a2
45.Re4e1 Kb4
46.h6 Bb5d3
47.Re1a1 Kb3
48.Ke1 Kb2
49.Ra1d1 a1Q
50.Rd1xa1 Kxa1
51.Kd2 Bd3h7
52.g4 Kb2
53.Ke3 Kc3
54.f4 Kc4
55.f5 Kd5
56.f6 Ke6
57.g5 Kf7
58.Kf4 Kg6
59.Ke5 Kxg5
60.f7 { abandon }1-0

[Event "Défi"]
[Site "www.echecsemail.com"]
[Date "2026.01.30"]
[Round "1"]
[White "Gimick"]
[Black "Cocola34"]
[WhiteElo "1540"]
[BlackElo "1630"]
[Result "1-0"]
1.e4 h5
2.Bf1c4 e6
3.d3 c6
4.Ng1f3 b5
5.Bc4b3 a5
6.a4 Bf8b4
7.Bc1d2 Bb4xd2
8.Nb1xd2 b4
9.Nd2c4 Qd8c7
10.O-O f6
11.Rf1e1 e5
12.d4 d6
13.dxe5 dxe5
14.Nf3h4 Ng8e7
15.Nc4d6 Kf8
16.Qd1d2 g5
17.Nh4f3 h4
18.Qd2d3 Nb8d7
19.Nf3d2 Nd7c5
20.Nd6b5 Qc7b8
21.Qd3d8 Kg7
22.Qd8xe7 { abandon }1-0

[Event "Eq:les modestes-Les Rois du Succes :"]
[Site "www.echecsemail.com"]
[Date "2026.01.30"]
[Round "1"]
[White "Fred"]
[Black "Rons"]
[WhiteElo "2760"]
[BlackElo "2580"]
[Result "1-0"]
1.d4 Ng8f6
2.Ng1f3 d5
3.Bc1f4 e6
4.e3 Bf8d6
5.Bf4g3 O-O
6.Nb1d2 b6
7.c3 c5
8.Bf1d3 Nb8c6
9.e4 Bd6e7
10.e5 Nf6h5
11.Ra1c1 Bc8b7
12.Qd1e2 Ra8c8
13.O-O Nh5xg3
14.hxg3 c4
15.Bd3c2 b5
16.Nf3h2 b4
17.f4 bxc3
18.bxc3 Qd8a5
19.Bc2xh7 Kxh7
20.Qe2h5 Kg8
21.Nd2f3 Rc8c7
22.Nh2g4 Rf8a8
23.Nf3g5 Be7d8
24.f5 Bd8xg5
25.Qh5xg5 Kf8
26.fxe6 Bb7c8
27.exf7 Bc8xg4
28.Qg5xg4 Nc6xd4
29.cxd4 { abandon }1-0

[Event "Schlacht2"]
[Site "www.echecsemail.com"]
[Date "2026.01.30"]
[Round "1"]
[White "Dameroi"]
[Black "Luc20"]
[WhiteElo "1870"]
[BlackElo "1840"]
[Result "0-1"]
1.e4 e6
2.d4 d5
3.exd5 exd5
4.Bf1d3 Ng8f6
5.Ng1f3 c5
6.c3 Bc8g4
7.h3 Bg4h5
8.O-O Bf8e7
9.Bc1e3 c4
10.Bd3c2 Nf6e4
11.Nb1d2 Ne4xd2
12.Be3xd2 O-O
13.Qd1b1 Bh5g6
14.Nf3e5 Bg6xc2
15.Qb1xc2 Nb8c6
16.Rf1e1 Nc6xe5
17.Re1xe5 Be7d6
18.Re5e2 Rf8e8
19.Ra1e1 Re8xe2
20.Re1xe2 Qd8d7
21.Qc2d1 Ra8e8
22.Re2xe8 Qd7xe8
23.Qd1f3 Qe8e6
24.Qf3e3 b5
25.Kf1 a5
26.Ke2 Kf8
27.f4 Qe6xe3
28.Kxe3 f5
29.Kf3 Kf7
30.g4 g6
31.Kg3 h6
32.Kf3 b4
33.cxb4 axb4
34.Ke2 fxg4
35.hxg4 h5
36.gxh5 gxh5
37.Kf3 Kg6
38.Kg3 Bd6e7
39.Kf3 Kf5
40.Bd2e1 h4
41.Be1d2 Be7d6
42.Bd2e1 h3
43.Kg3 Bd6xf4
44.Kxh3 Bf4d6
45.Kg2 Ke4
46.Kf2 Kxd4
47.Ke2 Ke4
48.Be1d2 d4
49.Bd2e1 d3
50.Kd1 Kf3
51.Be1d2 Ke4
52.Ke1 Bd6c5
53.Kd1 Kd4
54.Bd2e1 c3
55.bxc3 bxc3
56.Be1f2 Kc4
57.Bf2h4 c2
58.Kd2 Bc5b4
59.Kc1 Kd5
60.Bh4g5 Bb4c3
61.Bg5h6 Kc4
62.Bh6f8 Kd5
63.Bf8h6 Ke4
64.Bh6g5 Kf3
65.Bg5d2 Bc3d4
66.a4 Ke2
67.a5 Bd4e3
68.Bd2xe3 Kxe3
69.a6 Ke2
70.a7 d2
71.Kxc2 d1Q
72.Kb2 Qd1a4
{ abandon }0-1

[Event "Tournoi n27328"]
[Site "www.echecsemail.com"]
[Date "2026.01.30"]
[Round "1"]
[White "Samjf"]
[Black "Louis67"]
[WhiteElo "1340"]
[BlackElo "1440"]
[Result "0-1"]
1.e4 e6
2.Bf1d3 Ng8f6
3.Ng1h3 d5
4.e5 Nf6d7
5.Nh3f4 c5
6.O-O Nd7xe5
7.Bd3b5 Nb8d7
8.Qd1e2 a6
9.Bb5xd7 Bc8xd7
10.d4 Ne5c4
11.dxc5 Bf8xc5
12.Nf4d3 Bc5d4
13.Nd3f4 Nc4xb2
14.Nb1d2 Bd7b5
15.Qe2f3 Bb5xf1
16.Nd2xf1 Nb2d3
17.Bc1d2 Bd4xa1
18.Qf3xd3 Ba1e5
19.Nf4e2 Ra8c8
20.Bd2b4 a5
21.Bb4a3 Be5d6
22.Qd3b5 Rc8c6
23.Ne2d4 Qd8b6
24.Qb5d3 Qb6b1
25.Nd4xc6 Bd6xa3
26.Nc6xa5 O-O
27.g3 b6
28.Na5c6 Qb1xa2
29.Nc6e5 Rf8c8
30.Kg2 f6
31.Ne5d7 Rc8xc2
32.Qd3e3 Kf7
33.Nd7xb6 Ba3c5
34.Qe3f3 Rc2xf2
35.Qf3xf2 Bc5xf2
36.g4 Bf2xb6
37.Kh3 g5
38.Nf1g3 Bb6f2
39.Ng3f1 Bf2g1
40.Nf1g3 Qa2xh2
0-1

[Event "Défi( 10J+24H/c 10J Max )"]
[Site "www.echecsemail.com"]
[Date "2026.01.30"]
[Round "1"]
[White "Mino"]
[Black "Castor"]
[WhiteElo "1360"]
[BlackElo "1360"]
[Result "1-0"]
1.c4 g6
2.Ng1h3 c5
3.b3 b6
4.g4 d6
5.Bf1g2 d5
6.cxd5 Nb8a6
7.O-O Ra8b8
8.e4 Bf8g7
9.Nh3g5 Ng8f6
10.d4 O-O
11.h3 Rf8e8
12.e5 Nf6xd5
13.Qd1f3 Re8f8
14.Qf3g3 Na6b4
15.Bg2e4 cxd4
16.Rf1d1 Bg7xe5
17.Qg3xe5 Bc8b7
18.Qe5xd4 Qd8d6
19.Bc1b2 f6
20.h4 Nb4c2
21.Be4xc2 e5
22.Qd4d3 Qd6c5
23.Ng5xh7 Rf8f7
24.Qd3xg6 Rf7g7
25.Qg6f5 Bb7c8
26.Nh7xf6 Nd5xf6
27.Qf5xf6 Rg7f7
28.Qf6g6 Kf8
29.Rd1d8 Ke7
30.Qg6g5 Rf7f6
31.Rd8xc8 Rb8xc8
32.Nb1a3 Qc5xf2
33.Kh1 Rc8f8
34.Qg5xe5 Kf7
35.Qe5c7 Ke6
36.Qc7e5 Kd7
37.Ra1d1 Kc8
38.Qe5c3 Kb7
39.Rd1d7 Ka8
40.Bc2e4 Rf6c6
41.Qc3xc6 { abandon }1-0

[Event "Tournoi n27397"]
[Site "www.echecsemail.com"]
[Date "2026.01.30"]
[Round "1"]
[White "Mokanne"]
[Black "Fouvolant"]
[WhiteElo "1430"]
[BlackElo "1410"]
[Result "0-1"]
1.e4 c5
2.b3 e6
3.Bc1b2 Nb8c6
4.Qd1g4 Ng8f6
5.Qg4e2 d6
6.d3 Bf8e7
7.Nb1d2 b5
8.h3 a6
9.g4 h6
10.Bf1g2 Ra8b8
11.Ng1f3 e5
12.O-O Nf6h7
13.Nf3h2 O-O
14.f4 exf4
15.Bg2f3 Nc6d4
16.Bb2xd4 cxd4
17.Ra1c1 Be7h4
18.b4 Bh4g3
19.Rf1d1 Qd8h4
20.Nd2f1 Qh4xh3
21.Qe2g2 Qh3h4
22.Nf1xg3 fxg3
23.Kh1 gxh2
24.Qg2xh2 Qh4f6
25.Rd1f1 Qf6e5
26.Rf1f2 Nh7g5
27.Qh2g2 Ng5e6
28.Rc1g1 Ne6f4
29.Qg2f1 g5
30.Rf2h2 Kg7
31.Qf1e1 Rf8h8
32.Qe1b1 Bc8e6
33.Rg1e1 Rb8c8
34.Kg1 Rc8c3
35.Kf2 Rc3a3
36.Re1h1 Ra3xa2
37.Rh1c1 Ra2a3
38.Kg1 Ra3c3
39.Qb1a1 Be6c8
40.Kf2 Bc8b7
41.Qa1b2 Rh8c8
42.Bf3d1 Nf4xd3
43.Kg2 Bb7xe4
44.Kg1 Qe5g3
{ abandon }0-1

[Event "Transval 2"]
[Site "www.echecsemail.com"]
[Date "2026.01.30"]
[Round "1"]
[White "Turbo"]
[Black "39wx"]
[WhiteElo "1280"]
[BlackElo "1620"]
[Result "0-1"]
1.e4 e5
2.Ng1f3 Nb8c6
3.a3 d6
4.h3 Bc8e6
5.d3 Ng8f6
6.Bf1e2 Bf8e7
7.c4 O-O
8.b4 Nc6d4
9.Nf3xd4 exd4
10.Bc1b2 c5
11.bxc5 dxc5
12.e5 Nf6d7
13.f4 Qd8a5
14.Nb1d2 Be7h4
15.Kf1 Qa5b6
16.Be2g4 Qb6xb2
17.Bg4xe6 fxe6
18.Ke2 Rf8xf4
19.Rh1g1 Rf4f2
20.Ke1 Nd7xe5
21.Nd2f3 Ne5xf3
22.Qd1xf3 Qb2d2
0-1

[Event "Défi( 10J+24H/c 10J Max )"]
[Site "www.echecsemail.com"]
[Date "2026.01.30"]
[Round "1"]
[White "Blackbishop"]
[Black "Tunnellavage"]
[WhiteElo "1840"]
[BlackElo "1730"]
[Result "1-0"]
1.e4 e5
2.Ng1f3 Nb8c6
3.Bf1b5 Ng8f6
4.O-O d6
5.d3 Bc8d7
6.c3 Bf8e7
7.Bb5a4 O-O
8.Ba4c2 Rf8e8
9.d4 Be7f8
10.d5 Nc6e7
11.c4 b6
12.Nb1c3 Ne7g6
13.Rf1e1 Bd7g4
14.a3 Nf6h5
15.Bc2a4 Re8e7
16.Bc1g5 f6
17.Bg5c1 Nh5f4
18.Re1e3 Re7f7
19.Qd1f1 Qd8c8
20.Ba4d1 Nf4xg2
21.Qf1xg2 Bg4h3
22.Qg2g3 Ng6f4
23.Nf3e1 f5
24.Bd1f3 Rf7f6
25.Bf3g2 Rf6g6
26.Qg3f3 Bh3xg2
27.Ne1xg2 fxe4
28.Re3xe4 Qc8f5
29.Bc1xf4 exf4
30.Qf3xf4 Qf5h3
31.Kf1 Qh3xg2
32.Ke2 Rg6f6
33.Qf4g3 Qg2xg3
34.hxg3 g6
35.Nc3b5 Rf6f7
36.Nb5d4 Bf8g7
37.Ra1d1 Ra8f8
38.Rd1f1 Bg7e5
39.Nd4e6 Rf8e8
40.b3 Rf7e7
41.f4 Be5b2
42.a4 Bb2a3
43.g4 Ba3c5
44.f5 gxf5
45.gxf5 Re7f7
46.Kd3 h5
47.Rf1f3 Bc5g1
48.Rf3g3 { abandon }1-0

[Event "Coupe Niveau 3"]
[Site "www.echecsemail.com"]
[Date "2026.01.30"]
[Round "1"]
[White "Woluwe1975"]
[Black "Elghribi"]
[WhiteElo "1640"]
[BlackElo "1920"]
[Result "0-1"]
1.f4 Ng8f6
2.Ng1f3 g6
3.b3 Bf8g7
4.Bc1b2 O-O
5.d3 d6
6.Nb1d2 Nb8c6
7.e4 Nf6d7
8.Qd1c1 e5
9.fxe5 Nd7xe5
10.Bf1e2 h6
11.O-O Bc8e6
12.c4 Nc6e7
13.Kf2 f5
14.Nf3xe5 dxe5
15.Kg1 f4
16.Nd2f3 Ne7c6
17.Bb2c3 Nc6d4
18.Nf3xd4 exd4
19.Bc3d2 Bg7e5
20.Be2f3 c5
21.Kh1 Kg7
22.b4 b6
23.a4 Qd8e7
24.b5 g5
25.h3 Kg6
26.a5 h5
27.axb6 axb6
28.Ra1a6 Ra8xa6
29.bxa6 g4
30.Qc1d1 gxf3
31.gxf3 Qe7h4
32.Qd1e2 Qh4xh3
33.Kg1 Kh6
34.Kf2 Qh3h4
{ abandon }0-1

[Event "1301"]
[Site "www.echecsemail.com"]
[Date "2026.01.30"]
[Round "1"]
[White "Qsdmlk"]
[Black "Katastrofic"]
[WhiteElo "1530"]
[BlackElo "1370"]
[Result "0-1"]
1.d4 d5
2.Bc1f4 e6
3.Nb1c3 Bf8e7
4.e3 Ng8f6
5.Ng1f3 O-O
6.Nc3b5 Be7d6
7.Nb5xd6 cxd6
8.Bf1e2 a6
9.O-O b5
10.Bf4g5 Nb8d7
11.Qd1d3 h6
12.Bg5f4 Nd7b6
13.b3 b4
14.Be2d1 a5
15.a3 Bc8a6
16.Qd3d2 Ba6xf1
17.axb4 Bf1b5
18.bxa5 Nb6c8
19.Qd2b4 Nc8a7
20.Bf4xd6 Rf8e8
21.Nf3e5 Nf6e4
22.Bd6c5 Ne4xc5
23.Qb4xc5 Qd8c8
24.Qc5b4 Ra8b8
25.Qb4d2 Na7c6
26.Bd1h5 Nc6xe5
27.dxe5 g6
28.Bh5g4 h5
29.Bg4h3 Re8e7
30.b4 Re7d7
31.Ra1d1 Bb5c4
32.e4 d4
33.c3 d3
34.g3 Rb8b5
35.Qd2g5 Qc8b8
36.a6 Rb5xe5
37.Qg5f4 d2
38.a7 Rd7xa7
39.Rd1xd2 Ra7a1
40.Kg2 Bc4f1
41.Kf3 Bf1xh3
42.Qf4h4 Bh3g4
43.Ke3 Ra1e1
44.Kd4 Re1xe4
45.Kd3 Bg4e2
46.Kc2 Re4xh4
47.gxh4 Re5d5
{ abandon }0-1

[Event "1301"]
[Site "www.echecsemail.com"]
[Date "2026.01.30"]
[Round "1"]
[White "4x4"]
[Black "Qsdmlk"]
[WhiteElo "1480"]
[BlackElo "1530"]
[Result "1-0"]
1.d4 d5
2.Ng1f3 Ng8f6
3.e3 Bc8g4
4.Bf1e2 e6
5.O-O Bf8d6
6.Nb1c3 O-O
7.Nf3e5 Bg4f5
8.f4 Nb8c6
9.h3 Nc6b4
10.g4 Bf5g6
11.Ne5xg6 fxg6
12.a3 Nb4c6
13.Qd1e1 a6
14.Bc1d2 b5
15.b4 Nf6e4
16.Nc3xe4 dxe4
17.c4 bxc4
18.Be2xc4 Qd8d7
19.d5 exd5
20.Bc4e2 h5
21.Bd2c3 d4
22.Bc3xd4 Nc6xd4
23.exd4 Ra8b8
24.Be2c4 Kh8
25.Qe1xe4 hxg4
26.h4 g3
27.Rf1f3 Qd7h3
28.Ra1a2 Rb8e8
29.Qe4xg6 Rf8f6
30.Qg6xg3 Qh3d7
31.Bc4xa6 Re8f8
32.Ra2f2 Qd7e6
33.Ba6d3 Rf8a8
34.Rf2g2 Ra8g8
35.Kh2 g6
36.Qg3g5 Rg8g7
37.h5 Rg7h7
38.h6 Bd6f8
39.Qg5e5 Rh7xh6
40.Kg1 Bf8d6
41.Qe5xe6 Rf6xe6
42.Kf2 Bd6e7
43.d5 Re6d6
44.Bd3c4 Be7h4
45.Ke3 Rh6h7
46.Ke4 Rh7e7
47.Kd4 c6
48.Rg2h2 Kg7
49.Rh2xh4 Re7f7
50.Kc5 Rd6f6
51.d6 g5
52.Rh4g4 Rf6xf4
53.Bc4xf7 Rf4xf3
54.Bf7e8 Rf3xa3
55.Rg4xg5 Kf6
56.Be8xc6 Kxg5
57.b5 Ra3c3
58.Kb6 Kf6
59.d7 Ke7
60.Kc7 Rc3d3
61.b6 Rd3d6
62.b7 Rd6f6
63.b8R Rf6f8
64.Rb8xf8 { abandon }1-0

[Event "Défi"]
[Site "www.echecsemail.com"]
[Date "2026.01.30"]
[Round "1"]
[White "Roquefort"]
[Black "Vvvv"]
[WhiteElo "1870"]
[BlackElo "1680"]
[Result "1-0"]
1.e4 g6
2.f4 Bf8g7
3.Ng1f3 d6
4.Bf1e2 Nb8d7
5.O-O a6
6.d3 b5
7.c3 e5
8.fxe5 dxe5
9.Nb1a3 Bc8b7
10.Na3c2 c5
11.Nc2e3 Qd8c7
12.Nf3g5 Nd7f6
13.Qd1b3 c4
14.dxc4 Nf6xe4
15.Ng5xe4 Bb7xe4
16.cxb5 Be4xg2
17.Ne3xg2 a5
18.b6 Qc7c5
19.Bc1e3 Qc5e7
20.b7 { abandon }1-0

[Event "Défi"]
[Site "www.echecsemail.com"]
[Date "2026.01.31"]
[Round "1"]
[White "Pj612"]
[Black "Berjay"]
[WhiteElo "1750"]
[BlackElo "1700"]
[Result "1-0"]
1.e4 e5
2.Ng1f3 Nb8c6
3.a3 Ng8f6
4.Bf1d3 Bf8c5
5.c3 d6
6.h3 Bc8e6
7.b4 Bc5b6
8.O-O Qd8d7
9.Qd1e2 O-O
10.g4 h5
11.Nf3g5 hxg4
12.Ng5xe6 Rf8e8
13.Bd3c4 gxh3
14.Ne6g5 Re8e7
15.Qe2f3 Kf8
16.Ng5xh3 Ke8
17.d3 a5
18.b5 Kd8
19.bxc6 Qd7xc6
20.Bc1g5 Re7e8
21.Bg5xf6 gxf6
22.Bc4xf7 Re8e7
23.Qf3xf6 Kd7
24.Nh3g5 Ra8h8
25.Qf6xh8 d5
26.Bf7xd5 Qc6c5
27.Bd5xb7 Re7e8
28.Qh8h3 Kd8
29.Ng5e6 Re8xe6
30.Qh3xe6 Qc5f8
31.Qe6d5 Ke7
32.Qd5xe5 Kd8
33.Qe5g5 Ke8
34.Bb7c6 Kf7
35.Qg5f5 Kg7
36.Qf5xf8 Kxf8
37.e5 { abandon }1-0

[Event "Défi"]
[Site "www.echecsemail.com"]
[Date "2026.01.31"]
[Round "1"]
[White "Tartu"]
[Black "Majula"]
[WhiteElo "1730"]
[BlackElo "1620"]
[Result "0-1"]
1.d4 d5
2.c4 c6
3.Nb1c3 Bc8f5
4.cxd5 cxd5
5.Ng1f3 e6
6.e3 Bf8b4
7.Bf1d3 Bb4xc3
8.bxc3 h6
9.O-O Ng8f6
10.Bd3xf5 exf5
11.Bc1a3 b5
12.Nf3e5 Nf6e4
13.Qd1b3 a6
14.Rf1d1 f6
15.Ne5g6 Rh8g8
16.f3 Ne4g5
17.Ba3e7 Qd8d7
18.Be7a3 Nb8c6
19.h4 Ng5e6
20.Ng6e7 Nc6xe7
21.Qb3b4 Ne7c6
22.Qb4b1 Ra8c8
23.Qb1xf5 Nc6e7
24.Qf5h5 Kd8
25.Ra1c1 a5
26.e4 Ne6f4
27.Qh5g4 Qd7xg4
28.fxg4 dxe4
29.Kf2 Nf4d3
30.Rd1xd3 exd3
31.Ke3 Ne7d5
32.Ke4 Nd5xc3
33.Kxd3 Nc3xa2
34.Rc1e1 Rc8c3
{ abandon }0-1

[Event "Michael Tal 30"]
[Site "www.echecsemail.com"]
[Date "2026.01.31"]
[Round "1"]
[White "Alain64"]
[Black "Connecticcut"]
[WhiteElo "2080"]
[BlackElo "1900"]
[Result "1/2-1/2"]
1.f4 d5
2.Ng1f3 Bc8f5
3.e3 e6
4.b3 Ng8f6
5.Bc1b2 h6
6.d4 Nf6e4
7.Bf1d3 Bf8e7
8.O-O O-O
9.c4 c6
10.Nb1c3 Ne4xc3
11.Bb2xc3 Bf5xd3
12.Qd1xd3 Nb8d7
13.Ra1d1 Nd7f6
14.Nf3d2 dxc4
15.bxc4 a5
16.e4 b5
17.cxb5 cxb5
18.Qd3xb5 Be7b4
19.Bc3xb4 axb4
20.Qb5xb4 Ra8xa2
21.Rd1a1 Ra2xa1
22.Rf1xa1 Qd8c7
23.h3 Rf8b8
24.Qb4c5 Qc7xf4
25.e5 Nf6d5
26.Nd2f3 Qf4e3
27.Kh1 Nd5f4
28.Qc5c7 Rb8b2
29.Ra1a8 Kh7
30.Qc7xf7 Qe3c1
31.Nf3g1 Rb2xg2
32.Qf7g8 Kg6
33.Qg8e8 Kf5
34.Qe8f7 Ke4
35.Qf7b7 Kf5
36.Ra8f8 Kg6
37.Qb7f7 Kh7
38.Qf7g8 Kg6
39.Qg8f7 { nul }1/2-1/2

[Event "Défi( 10J+24H/c 10J Max )"]
[Site "www.echecsemail.com"]
[Date "2026.01.31"]
[Round "1"]
[White "Poison"]
[Black "Minon"]
[WhiteElo "1070"]
[BlackElo "1910"]
[Result "0-1"]
1.e4 e5
2.Ng1f3 Nb8c6
3.Bf1b5 Ng8e7
4.Bb5xc6 Ne7xc6
5.d3 Bf8e7
6.Bc1d2 O-O
7.O-O d6
8.Nb1c3 Bc8e6
9.a3 h6
10.Nc3b5 a6
11.Nb5c3 Be6g4
12.Nc3d5 g5
13.Nd5xe7 Qd8xe7
14.Qd1e2 Nc6d4
15.Qe2e3 Nd4xc2
16.Qe3e2 Nc2xa1
17.Rf1xa1 f5
18.h3 fxe4
19.hxg4 exf3
20.gxf3 Qe7f6
21.Bd2e3 Qf6xf3
22.Qe2xf3 Rf8xf3
23.Kg2 Ra8f8
24.Ra1f1 d5
25.Be3c5 Rf8f7
26.b4 Rf3xd3
27.Rf1e1 e4
28.a4 b6
29.Bc5e3 d4
30.Be3c1 Rf7e7
31.b5 axb5
32.axb5 Rd3b3
33.Bc1xg5 hxg5
34.Re1d1 d3
35.Rd1h1 Rb3xb5
36.f3 exf3
37.Kxf3 d2
38.Rh1d1 Rb5d5
39.Kg3 Re7e1
40.Rd1xe1 dxe1Q
41.Kh3 Rd5d3
42.Kh2 Qe1g3
43.Kh1 Rd3d1
0-1

[Event "Eq:Les Rois du Succes-Vikings :"]
[Site "www.echecsemail.com"]
[Date "2026.01.31"]
[Round "1"]
[White "Lecavaliernoir"]
[Black "Youliyouli"]
[WhiteElo "1570"]
[BlackElo "1870"]
[Result "1/2-1/2"]
1.e4 e5
2.d3 Nb8c6
3.Ng1f3 Bf8c5
4.Bf1e2 Ng8f6
5.h3 h6
6.O-O d5
7.Nb1d2 dxe4
8.Nd2xe4 Bc5b6
9.c4 a5
10.Qd1a4 O-O
11.c5 Bb6a7
12.a3 Bc8d7
13.Qa4b3 Ra8b8
14.Qb3c4 Bd7e6
15.Qc4c3 Nf6xe4
16.dxe4 Qd8f6
17.b4 axb4
18.axb4 Qf6g6
19.Nf3xe5 Nc6xe5
20.Qc3xe5 c6
21.Ra1xa7 Be6xh3
22.Qe5h2 Bh3g4
23.Be2xg4 Qg6xg4
24.f3 Qg4d7
25.Qh2g3 h5
26.Bc1b2 g6
27.Qg3g5 Kh7
28.Qg5f6 Rf8g8
29.Ra7a1 b6
30.Ra1d1 Qd7c7
31.g4 bxc5
32.Bb2e5 Qc7b6
33.Be5xb8 cxb4
34.Rd1d4 Qb6xb8
35.Qf6xf7 Rg8g7
36.Qf7f6 Qb8g3
37.Kh1 Qg3h3
38.Kg1 Qh3g3
39.Kh1 Qg3h3
40.Kg1 Qh3g3
41.Kh1 Qg3h3
42.Kg1 Qh3g3
43.Kh1 Qg3h3
44.Kg1 Qh3g3
45.Kh1 Qg3h3
46.Kg1 1/2-1/2

[Event "WATERLOO"]
[Site "www.echecsemail.com"]
[Date "2026.01.31"]
[Round "1"]
[White "Carpediem50"]
[Black "Mindthegap"]
[WhiteElo "1430"]
[BlackElo "1450"]
[Result "1-0"]
1.e4 e5
2.Ng1f3 Ng8f6
3.Nf3xe5 d6
4.Ne5f3 Nf6xe4
5.d4 d5
6.Bf1d3 Bf8e7
7.O-O O-O
8.c3 Nb8c6
9.a3 Bc8e6
10.b4 f5
11.Nf3e5 Nc6xe5
12.dxe5 Be7g5
13.Bc1xg5 Ne4xg5
14.Nb1d2 a5
15.b5 c6
16.bxc6 Qd8b6
17.c7 Ng5h3
18.gxh3 Qb6xc7
19.Ra1c1 Qc7xe5
20.c4 f4
21.Qd1f3 Qe5g5
22.Qf3g2 Qg5xg2
23.Kxg2 Rf8f6
24.f3 Rf6h6
25.Rf1g1 Be6xh3
26.Kf2 g6
27.c5 Ra8e8
28.c6 Bh3f5
29.Bd3xf5 Re8e7
30.c7 { abandon }1-0